| 000 | 01028nam a22002657a 4500 | ||
|---|---|---|---|
| 001 | 5845 | ||
| 003 | FISKH | ||
| 005 | 20250124125510.0 | ||
| 008 | 250124b cb ||||| |||| 00| 0 eng d | ||
| 020 | _a9780545565554 | ||
| 040 |
_aFISKH _beng _cFISKH _dFISKH |
||
| 050 | _aPN6110.A7 | ||
| 082 | _a808.81 | ||
| 100 | _aLewis, J. Patrick | ||
| 245 |
_aBook of animal poetry: _b200 poems with photographs that Squeak, Soar, and Roar! / _cEdited by by J. Patrick Lewis , U.S. Children's Poet Leaureate |
||
| 250 | _aFirst Scholastic printing, March 2013 | ||
| 260 |
_aNew York : _bScholastic , _c2012. |
||
| 300 |
_a183 pages : _bcolor illurstrations ; _c24 cm . |
||
| 490 | _aNational Geographic | ||
| 520 | _aCombines photography with lyrical text celebrating the animal world, in a compilation that includes works by such poets as Emily Dickinson, Robert Frost and Rudyard Kipling. | ||
| 650 |
_aphotographs _vfiction |
||
| 700 |
_aMoloney, Hillary _eillustrations assistant |
||
| 942 |
_2ddc _cBK _n0 |
||
| 999 |
_c5845 _d5845 |
||